Relaciones entre España y el Magreb (Record no. 13500)

MARC details
000 -LEADER
campo de control de longitud fija 00754nam a2200241 i 4500
001 - NÚMERO DE CONTROL
campo de control 13500
003 - IDENTIFICADOR DE NÚMERO DE CONTROL
campo de control ES-MaACL
005 - FECHA Y HORA DE LA ÚLTIMA TRANSACCIÓN
campo de control 20250809063449.0
007 - CAMPO FIJO DE DESCRIPCIÓN FÍSICA--INFORMACIÓN GENERAL
campo de control de longitud fija t|
008 - DATOS DE LONGITUD FIJA--INFORMACIÓN GENERAL
campo de control de longitud fija 980423s1994 sp |||| | spa d
020 ## - NÚMERO INTERNACIONAL ESTÁNDAR DEL LIBRO
Número Internacional Estándar del Libro 84-7100-641-3
080 ## - NÚMERO DE LA CLASIFICACIÓN DECIMAL UNIVERSAL
Número de la Clasificación Decimal Universal 327(460:6-17)"16/17"
100 1# - ENTRADA PRINCIPAL--NOMBRE DE PERSONA
Nombre de persona Vilar, Juan Bautista,
Fechas asociadas al nombre 1941-2018
9 (RLIN) 114797
245 10 - MENCIÓN DEL TÍTULO
Título Relaciones entre España y el Magreb
Resto del título : siglos XVII y XVIII /
Mención de responsabilidad, etc. Juan Bta. Vilar, Ramón Lourido.
260 ## - PUBLICACIÓN, DISTRIBUCIÓN, ETC.
Lugar de publicación, distribución, etc. Madrid :
Nombre del editor, distribuidor, etc. MAPFRE,
Fecha de publicación, distribución, etc. D.L. 1994.
300 ## - DESCRIPCIÓN FÍSICA
Extensión 405 p. ;
Dimensiones 23 cm.
490 1# - MENCIÓN DE SERIE
Mención de serie El Magreb ;
Designación de volumen o secuencia 11
651 #4 - PUNTO DE ACCESO ADICIONAL DE MATERIA--NOMBRE GEOGRÁFICO
Nombre geográfico España-
Subdivisión general Relaciones-
Subdivisión geográfica Magreb.
9 (RLIN) 154082
700 1# - ENTRADA AGREGADA--NOMBRE PERSONAL
Nombre de persona Lourido, Ramón.
9 (RLIN) 74329
830 0# - PUNTO DE ACCESO ADICIONAL DE SERIE-TÍTULO UNIFORME
Título uniforme El Magreb ;
Designación de volumen o secuencia 11
9 (RLIN) 179117
852 ## - LOCALIZACIÓN
Ubicación ES-MaACL
Número de control de estantería L-20775
Holdings
Estatus retirado Estado de pérdida Estado de daño No para préstamo Biblioteca de origen Biblioteca actual Ubicación en estantería Fecha de adquisición Fuente de adquisición Total de préstamos Signatura topográfica completa Código de barras Visto por última vez Precio de reemplazo Tipo de ítem Koha
        Biblioteca del Ateneo de Madrid Biblioteca del Ateneo de Madrid Depósito 2 17/01/2008     L-20775 1013743 23/02/2023 23/02/2023 Libro impreso